00565nam a22001697a 450000500170000001000130001702000260003003500120005603700160006808200080008410000240009224501050011624600400022126000530026127000590031430000220037320221011112257.0 aUR-11744 a9789391238353c300.00 aU-10299 bDBAD/PUBa- a921 aوارث ریاضی aنقوش آگي :bمجموعہ مقالات و مکتوبات /cوارث ریاضیhا ر د و aNuqoosh-E-Aagahi /bby Waris Reyazi aNew DelhibEducational Publishing Housec2021 ء aH.O. D1/16, Ansari Road, Darya GanjbNew Delhie110002 a332 صc22cm(pbk)